First line of Linkin Park songs - Statistics

General Stats
  • This quiz has been taken 64 times
  • The average score is 19 of 30
Answer Stats
First line Song % Correct
It starts with one In the End
100%
Crawling in my skin Crawling
94%
I'm tired of being what you want me to be Numb
88%
I cannot take this anymore One Step Closer
85%
Why does it feel like night today? Papercut
85%
Yeah, here we go for the hundredth time Bleed it Out
79%
I am a little bit of loneliness Faint
79%
When this began, I had nothin' to say Somewhere I Belong
79%
Memories consume like opening the wound Breaking the Habit
75%
In this farewell What I've Done
71%
I remembered black skies New Divide
69%
I watch how the moon sits in the sky in the dark night A Place for my Head
67%
Take me down to the river bend CASTLE OF GLASS
65%
When I pretend everything is what I want it to be Lying From You
65%
This is not the end, this is not the beginnin' Waiting for the End
65%
The cycle repeated BURN IT DOWN
63%
Just a scar somewhere down inside of me Lost
63%
I dreamed I was missing, you were so scared Leave out all the Rest
60%
Should've stayed, were there signs I ignored? One More Light
60%
Forfeit the game before somebody else Points of Authority
60%
Nothin' ever stops all these thoughts and the pain attached to them Figure.09
54%
I close both locks below the window Shadow of the Day
54%
God bless us, everyone The Catalyst
52%
I don't know who to trust, no surprise From the Inside
50%
Graffiti decorations, under a sky of dust Runaway
50%
When you were standing in the wake of devastation Iridescent
44%
Yo, peep the style and the kids checkin' for it Nobody's Listening
44%
Now sometimes these thoughts in my head speak so loud Fighting Myself
40%
I used the deadwood to make the fire rise Burning in the Skies
33%
I've listened endlessly to your injury More the Victim
29%
No matching quizzes found
Score Distribution
Percent of People with Each Score
Percentile by Number Answered
Your Score History
You have not taken this quiz